Pretty Much Everyone In Divergent Quiz Stats

Quiz Updated May 31, 2014

Challenge
Share
Tweet
Embed
Score 0/36 Timer 08:00
0 Plays Today
Character % Correct
Tris
97.8%
Four
96.3%
Caleb Prior
87.9%
Christina
84.1%
Peter
81%
Will
79.7%
Al
77.9%
Marcus Eaton
77%
Eric
76.2%
Natalie Prior
76%
Andrew Prior
74.1%
Jeanine Matthews
69.2%
Uriah
68.4%
Molly Atwood
66.1%
Edward
64.8%
Tori
63.4%
Max
61.3%
Drew
55%
Character % Correct
Marlene
53.7%
Lynn
51.7%
Zeke
50.6%
Myra
48.6%
Susan Black
48.3%
Robert Black
43.8%
Shauna
36.8%
Lauren
32.9%
Cara
26.8%
Mr Black
23.8%
Bud
19.2%
Rita
18.8%
Erin
15.7%
James Tucker
15.5%
Tessa
15%
Gabe
13.9%
Danielle Pohler
11.6%
Georgie
10%

You're not logged in!

Compare scores with friends on all Sporcle quizzes.
Sign Up with Email
OR
Log In

You Might Also Like...

Show Comments

Extras

Top Quizzes Today


Score Distribution

Your Account Isn't Verified!

In order to create a playlist on Sporcle, you need to verify the email address you used during registration. Go to your Sporcle Settings to finish the process.